[Event "XIV American Continental"]
[Site "Sao Paulo BRA"]
[Date "2019.07.06"]
[Round "2.79"]
[White "Azevedo, Eduardo Jose Estevao de"]
[Black "Urquiza, Marcello de Albuquerque"]
[Result "0-1"]
[WhiteElo "1738"]
[BlackElo "2043"]
[EventDate "2019.07.05"]
[PlyCount "86"]
[EventRounds "11"]
[EventCountry "BRA"]

1.d4 d5 2.Nc3 Nf6 3.Bg5 Nbd7 4.Qd3 g6 5.O-O-O Bg7 6.f3 Nb6 7.e4 Be6 8.e5 
Nfd7 9.f4 Rc8 10.Nf3 a6 11.Qe3 c5 12.Bd3 Qc7 13.h3 h6 14.Bh4 h5 15.Kb1 Bh6
16.Bg5 cxd4 17.Nxd4 Bxg5 18.Nxe6 fxe6 19.Bxg6+ Kd8 20.fxg5 Nc4 21.Qd4 Qxe5
22.Qxe5 Ncxe5 23.Bd3 h4 24.Ne2 Kc7 25.Nd4 Kd6 26.Nf3 Rcg8 27.Be2 Nxf3 28.
Bxf3 Rxg5 29.Rd4 Nf6 30.Bg4 e5 31.Rb4 Nxg4 32.Rxg4 Rxg4 33.hxg4 e4 34.Rh3 
Ke5 35.g3 Rf8 36.c3 hxg3 37.Rxg3 Kf4 38.Rg1 Rg8 39.Rf1+ Ke3 40.Rf7 Rxg4 
41.Rxe7 Kd2 42.a3 e3 43.Re5 d4 0-1

[Event "XIV American Continental"]
[Site "Sao Paulo BRA"]
[Date "2019.07.06"]
[Round "2.80"]
[White "Ferreira, Kleber Victor"]
[Black "Cabral Mesquita, Jussier"]
[Result "1-0"]
[WhiteElo "2038"]
[BlackElo "1728"]
[EventDate "2019.07.05"]
[PlyCount "85"]
[EventRounds "11"]
[EventCountry "BRA"]

1.e4 c5 2.Nc3 d6 3.f4 g6 4.Nf3 Bg7 5.Bb5+ Nc6 6.Bxc6+ bxc6 7.d3 e6 8.O-O 
Ne7 9.Qe1 O-O 10.Bd2 Qc7 11.Na4 h6 12.c4 Rb8 13.Rb1 Bd7 14.b3 Qd8 15.Ba5 
Qc8 16.Qh4 Re8 17.Bd2 Qd8 18.Rbe1 Nc8 19.Qg3 Ne7 20.h4 Rf8 21.h5 Be8 22.f5
exf5 23.Nh4 Be5 24.Qh3 Kh7 25.hxg6+ fxg6 26.exf5 Bg7 27.fxg6+ Nxg6 28.Nf5 
Bd7 29.Bxh6 Bxf5 30.Rxf5 Rxf5 31.Bg5+ Kg8 32.Bxd8 Bd4+ 33.Kh1 Rf7 34.Re8+ 
Kg7 35.Bf6+ Rxf6 36.Rxb8 Rf1+ 37.Kh2 Be5+ 38.g3 Rf2+ 39.Kh1 Kf6 40.Re8 
Rxa2 41.Qe6+ Kg7 42.Rg8+ Kh7 43.Qxg6# 1-0

[Event "XIV American Continental"]
[Site "Sao Paulo BRA"]
[Date "2019.07.06"]
[Round "2.81"]
[White "Passos Coutinho, Eduardo"]
[Black "Do Nascimento, Christian Almeida"]
[Result "0-1"]
[WhiteElo "1728"]
[BlackElo "2033"]
[EventDate "2019.07.05"]
[PlyCount "110"]
[EventRounds "11"]
[EventCountry "BRA"]

1.e4 e6 2.d4 d5 3.Nd2 Nc6 4.Ngf3 Nf6 5.e5 Nd7 6.Bb5 a6 7.Bxc6 bxc6 8.O-O 
c5 9.c3 cxd4 10.cxd4 c5 11.Qa4 Be7 12.dxc5 Bxc5 13.Nb3 O-O 14.Nxc5 Nxc5 
15.Qc6 Nb7 16.Bg5 Qd7 17.Rac1 Qxc6 18.Rxc6 Na5 19.Rc7 Rb8 20.Rfc1 Bb7 21.
Nd4 Nc4 22.Bf4 Nxb2 23.Rb1 Ba8 24.Bg3 Nc4 25.Rxb8 Rxb8 26.h4 h6 27.Nb3 a5 
28.Ra7 Bc6 29.Nxa5 Nxa5 30.Rxa5 d4 31.Rc5 Rb1+ 32.Kh2 d3 33.Rxc6 d2 34.Rd6
d1=Q 35.Rxd1 Rxd1 36.Kh3 Ra1 37.Kh2 Rxa2 38.Kh3 h5 39.Kh2 Kh7 40.Kh3 Kg6 
41.Kh2 Kf5 42.f3 Re2 43.Kh3 f6 44.exf6 gxf6 45.Bc7 e5 46.Bd8 Ke6 47.g4 
hxg4+ 48.Kxg4 f5+ 49.Kg3 f4+ 50.Kh3 Rf2 51.Kg4 Rg2+ 52.Kh3 Rg3+ 53.Kh2 
Rxf3 54.h5 Kf5 55.Bc7 e4 0-1

[Event "XIV American Continental"]
[Site "Sao Paulo BRA"]
[Date "2019.07.06"]
[Round "2.82"]
[White "Freitas Capiberibe, Andre Antoni"]
[Black "Itagyba, Renan Fortes"]
[Result "1-0"]
[WhiteElo "2024"]
[BlackElo "1719"]
[EventDate "2019.07.05"]
[PlyCount "67"]
[EventRounds "11"]
[EventCountry "BRA"]

1.e4 c5 2.Nf3 d6 3.d4 cxd4 4.Nxd4 Nf6 5.f3 e5 6.Bb5+ Nbd7 7.Nb3 a6 8.Be2 
b5 9.Be3 Bb7 10.Qd2 Rc8 11.Na5 Ba8 12.c4 b4 13.Nb3 Be7 14.a3 bxa3 15.Nxa3 
Rb8 16.Qd3 O-O 17.Nb1 Qc8 18.N1d2 Rd8 19.O-O Nh5 20.g3 Ndf6 21.Ba7 Rb7 22.
Bf2 Rb4 23.Qc3 Qb7 24.c5 dxc5 25.Bxa6 Qc7 26.Nxc5 Rxd2 27.Qxb4 Rxf2 28.
Rfc1 Rxf3 29.Be2 Bxe4 30.Bxf3 Bxf3 31.Qc3 Bg4 32.Ra8+ Bf8 33.Rxf8+ Kxf8 
34.Ne6+ 1-0

[Event "XIV American Continental"]
[Site "Sao Paulo BRA"]
[Date "2019.07.06"]
[Round "2.83"]
[White "Souza Junior, Helemberg Cubica de"]
[Black "Sanches Casanova, Romario"]
[Result "1/2-1/2"]
[WhiteElo "1714"]
[BlackElo "2014"]
[EventDate "2019.07.05"]
[PlyCount "156"]
[EventRounds "11"]
[EventCountry "BRA"]

1.e4 g6 2.d4 Bg7 3.Nf3 d6 4.Nc3 c6 5.Be2 b5 6.O-O a6 7.Re1 Nd7 8.Bf1 Qc7 
9.Bf4 e5 10.dxe5 dxe5 11.Be3 Ngf6 12.b4 O-O 13.a4 Bb7 14.Nd2 Rad8 15.f3 
Nh5 16.Qc1 Nf4 17.Nb3 Ne6 18.axb5 axb5 19.Rd1 Rfe8 20.Ra7 Nd4 21.Na5 Rb8 
22.Bxd4 exd4 23.Ne2 d3 24.Rxb7 Rxb7 25.cxd3 Qb6+ 26.Kh1 Rc7 27.d4 Bf8 28.
Qd2 Nb8 29.Nb3 Na6 30.Nc5 Nxc5 31.dxc5 Qb8 32.Nc3 Rcc8 33.f4 Rcd8 34.Bd3 
Re7 35.e5 Bg7 36.Ne4 f6 37.Bc4+ bxc4 38.Qxd8+ Qxd8 39.Rxd8+ Kf7 40.Nd6+ 
Ke6 41.Nxc4 fxe5 42.Nxe5 Bxe5 43.fxe5 Kxe5 44.Kg1 Rb7 45.Rd6 Rxb4 46.Rxc6 
Rc4 47.Kf2 Kd5 48.Rc7 Rxc5 49.Rxh7 Ke6 50.h4 Kf6 51.Rd7 Rc4 52.g3 Rc2+ 53.
Ke3 Rc3+ 54.Rd3 Rc7 55.Ke4 Kg7 56.Rd5 Rf7 57.Ke3 Kh7 58.Rd4 Kg7 59.g4 Rb7 
60.g5 Ra7 61.Kf4 Ra5 62.Rd7+ Kg8 63.Ke4 Ra4+ 64.Rd4 Ra5 65.Rd5 Ra4+ 66.Rd4
Ra5 67.Kf3 Kg7 68.Re4 Rf5+ 69.Kg4 Ra5 70.h5 gxh5+ 71.Kxh5 Ra6 72.Re7+ Kg8 
73.g6 Ra5+ 74.Kh6 Ra8 75.Rg7+ Kh8 76.Re7 Kg8 77.Kg5 Ra6 78.Kf5 Rb6 1/2-1/2

[Event "XIV American Continental"]
[Site "Sao Paulo BRA"]
[Date "2019.07.06"]
[Round "2.84"]
[White "Ikejiri, Daniel Yoshito"]
[Black "Feller, Gabriela Luisa Vicente"]
[Result "0-1"]
[WhiteElo "2004"]
[BlackElo "1710"]
[EventDate "2019.07.05"]
[PlyCount "144"]
[EventRounds "11"]
[EventCountry "BRA"]

1.e4 e5 2.Nf3 Nf6 3.Nxe5 d6 4.Nf3 Nxe4 5.d4 d5 6.Bd3 Bg4 7.O-O Bd6 8.Re1 
f5 9.c4 O-O 10.Nc3 Bb4 11.Bd2 Nxd2 12.Qxd2 Bxf3 13.gxf3 Qh4 14.Qe3 Bd6 15.
Nxd5 Qxh2+ 16.Kf1 Nc6 17.c5 Rae8 18.Qg5 Qh1+ 19.Qg1 Rxe1+ 20.Rxe1 Qxg1+ 
21.Kxg1 Nxd4 22.cxd6 Nxf3+ 23.Kf1 Nxe1 24.Kxe1 cxd6 25.Ne7+ Kf7 26.Nxf5 
Rd8 27.Ke2 Kf6 28.Kf3 Rf8 29.Ke3 Rd8 30.Nd4 g6 31.Nb5 a6 32.Nc3 h5 33.Ne4+
Kg7 34.f4 h4 35.Ng5 Re8+ 36.Kf2 Re7 37.Bf1 Kf6 38.Nf3 Re4 39.Nxh4 Rxf4+ 
40.Nf3 g5 41.Ke3 d5 42.Bg2 Re4+ 43.Kd3 Rg4 44.Ne1 Ke5 45.Ke3 b5 46.Nd3+ 
Kd6 47.Bf3 Rh4 48.a3 Rh3 49.Ke2 a5 50.b4 a4 51.Nf2 Rg3 52.Ke3 Rg1 53.Kd4 
Rf1 54.Ke3 Ra1 55.Kd4 Ra2 56.Ng4 Rxa3 57.Bxd5 Rh3 58.Nf6 Rh4+ 59.Ne4+ Kc7 
60.Kc5 Rxe4 61.Bxe4 a3 62.Bd5 g4 63.Kd4 Kd6 64.Bg8 g3 65.Ke3 Ke5 66.Bf7 g2
67.Kf2 Kd4 68.Kxg2 Kc3 69.Kf2 Kxb4 70.Ke2 Kc3 71.Kd1 Kb2 72.Kd2 b4 0-1

[Event "XIV American Continental"]
[Site "Sao Paulo BRA"]
[Date "2019.07.06"]
[Round "2.85"]
[White "Mesquita, Arnaldo Leite"]
[Black "De Souza, Cristiano Gomes"]
[Result "0-1"]
[WhiteElo "1703"]
[BlackElo "2000"]
[EventDate "2019.07.05"]
[PlyCount "80"]
[EventRounds "11"]
[EventCountry "BRA"]

1.Nf3 Nf6 2.g3 g6 3.Bg2 Bg7 4.c4 O-O 5.Nc3 d6 6.O-O Nc6 7.d3 e5 8.Rb1 a5 
9.Bd2 Nd4 10.Ne1 c6 11.e3 Nf5 12.Nc2 h5 13.e4 Nd4 14.Nxd4 exd4 15.Ne2 Nd7 
16.a3 Nc5 17.Qc2 a4 18.f3 b5 19.cxb5 Be6 20.Be1 cxb5 21.Bf2 Nb3 22.Nc1 Rc8
23.Qe2 Rc5 24.Nxb3 axb3 25.Rfd1 Qc7 26.Be1 Rc8 27.Bd2 Rc2 28.Qe1 d5 29.Bf1
dxe4 30.fxe4 Be5 31.Be2 h4 32.Kg2 hxg3 33.hxg3 Kg7 34.Ba5 Rxe2+ 35.Qxe2 
Qxa5 36.Rdc1 Bg4 37.Qe1 Rc2+ 38.Rxc2 bxc2 39.Rc1 Qxe1 40.Rxe1 Bd1 0-1

[Event "XIV American Continental"]
[Site "Sao Paulo BRA"]
[Date "2019.07.06"]
[Round "2.86"]
[White "Acosta, Pablo Alejandro"]
[Black "Melo, Luiz Claudio Parijos de"]
[Result "1-0"]
[WhiteElo "1992"]
[BlackElo "1695"]
[EventDate "2019.07.05"]
[PlyCount "83"]
[EventRounds "11"]
[EventCountry "BRA"]

1.d4 Nf6 2.Nf3 g6 3.e3 Bg7 4.Be2 O-O 5.O-O d6 6.c4 Nbd7 7.Nc3 c5 8.b3 b6 
9.Bb2 Bb7 10.d5 a6 11.a4 Qc7 12.Qc2 e5 13.dxe6 fxe6 14.Ng5 Rae8 15.Rad1 d5
16.f4 d4 17.exd4 cxd4 18.Nb1 e5 19.c5 bxc5 20.Bc4+ Bd5 21.fxe5 Nxe5 22.
Rxf6 Bxc4 23.Rxf8+ Rxf8 24.bxc4 Ng4 25.Nf3 Ne3 26.Qd3 Nxd1 27.Qxd1 Qb7 28.
Ba3 Rb8 29.Nbd2 Qc6 30.Ne1 Re8 31.Nd3 Re3 32.Nf1 Re8 33.Bxc5 Qe6 34.Qb3 
Qg4 35.Bd6 h5 36.c5+ Kh7 37.Qb7 Qc8 38.c6 Kh8 39.Nf4 Kh7 40.Qf7 Qxc6 41.
Qxg6+ Kg8 42.Nxh5 1-0

[Event "XIV American Continental"]
[Site "Sao Paulo BRA"]
[Date "2019.07.06"]
[Round "2.87"]
[White "Nascimento, Pedro Henrique Alves"]
[Black "Nobre, Jailson Altair Barbosa"]
[Result "1-0"]
[WhiteElo "1992"]
[BlackElo "1692"]
[EventDate "2019.07.05"]
[PlyCount "55"]
[EventRounds "11"]
[EventCountry "BRA"]

1.d4 Nf6 2.Bg5 e6 3.Nf3 c5 4.c3 d5 5.Nbd2 Be7 6.e3 O-O 7.Bd3 Nbd7 8.O-O h6
9.Bh4 b6 10.Qe2 Bb7 11.Rfd1 Ne4 12.Bxe7 Qxe7 13.Ba6 Bxa6 14.Qxa6 Ndf6 15.
a4 c4 16.Ne5 Nxd2 17.Rxd2 Ne4 18.Re2 Qc7 19.a5 Nf6 20.axb6 axb6 21.Qxa8 
Rxa8 22.Rxa8+ Kh7 23.Re1 Ne4 24.Rea1 Nd6 25.R1a7 Nb7 26.Rf8 f6 27.Rf7 Qd6 
28.Raxb7 1-0

[Event "XIV American Continental"]
[Site "Sao Paulo BRA"]
[Date "2019.07.06"]
[Round "2.88"]
[White "Do Prado, Hamilton Mesquita"]
[Black "Montero Martinez, Cristhian"]
[Result "0-1"]
[WhiteElo "1675"]
[BlackElo "1991"]
[EventDate "2019.07.05"]
[PlyCount "76"]
[EventRounds "11"]
[EventCountry "BRA"]

1.d4 Nf6 2.Bf4 e6 3.e3 c5 4.c3 Qb6 5.Qb3 Nc6 6.Nd2 d5 7.Ngf3 Qd8 8.Ne5 Nh5
9.Bb5 Bd7 10.Nxc6 bxc6 11.Ba4 Nxf4 12.exf4 Rb8 13.Qc2 cxd4 14.cxd4 Qb6 15.
O-O Bd6 16.g3 Qxd4 17.Bxc6 Rxb2 18.Bxd7+ Kxd7 19.Nf3 Rxc2 20.Nxd4 Rc4 21.
Nf3 Rb8 22.Rab1 Rc2 23.Rxb8 Bxb8 24.Ra1 Bc7 25.Nd4 Rb2 26.Kf1 Bb6 27.Ne2 
a5 28.a4 f6 29.Rd1 Kd6 30.Nd4 Bxd4 31.Rxd4 Rb4 32.Rxb4 axb4 33.Ke1 Kc5 34.
Kd2 Kb6 35.Kc2 Ka5 36.Kb3 e5 37.fxe5 fxe5 38.h3 e4 0-1

[Event "XIV American Continental"]
[Site "Sao Paulo BRA"]
[Date "2019.07.06"]
[Round "2.89"]
[White "Dos Reis, Leandro Aparecido C."]
[Black "Haraguchi, Diego Sashaki"]
[Result "1-0"]
[WhiteElo "1990"]
[BlackElo "1634"]
[EventDate "2019.07.05"]
[PlyCount "111"]
[EventRounds "11"]
[EventCountry "BRA"]

1.d4 Nf6 2.c4 g6 3.Nc3 d5 4.Nf3 Bg7 5.Qb3 c6 6.Bf4 Qb6 7.cxd5 Qxb3 8.axb3 
Nxd5 9.Nxd5 cxd5 10.Bxb8 Rxb8 11.Rxa7 Bf5 12.e3 O-O 13.Kd2 Rfc8 14.Bd3 Bd7
15.Rc1 Rxc1 16.Kxc1 e6 17.e4 Bc6 18.e5 Rc8 19.Kd1 f6 20.b4 Rb8 21.b5 Bd7 
22.Kd2 g5 23.exf6 Bxf6 24.h3 h6 25.Kc3 Kf8 26.Ne5 Ke7 27.Nc6+ bxc6 28.bxc6
Rd8 29.Bb5 Kd6 30.cxd7 Rb8 31.Ba4 e5 32.dxe5+ Bxe5+ 33.Kd3 Ke7 34.b3 Rf8 
35.Ra6 Bd6 36.f3 Rb8 37.Kd4 Ke6 38.Ra5 Bc7 39.Rxd5 Rb4+ 40.Kc5 Rb8 41.Kc6 
Bd8 42.Rb5 Ra8 43.Kb7 Ra5 44.Rxa5 Bxa5 45.b4 Bd8 46.Bc6 Kd6 47.b5 h5 48.g3
Ke7 49.f4 g4 50.hxg4 hxg4 51.b6 Kd6 52.Ba4 Ke7 53.Kc6 Bxb6 54.Kxb6 Kd8 55.
Kc6 Ke7 56.Kc7 1-0

[Event "XIV American Continental"]
[Site "Sao Paulo BRA"]
[Date "2019.07.06"]
[Round "2.90"]
[White "Olivo, Anibal Ribeiro"]
[Black "Japiassu, Ricardo de Villa Nova"]
[Result "0-1"]
[WhiteElo "1649"]
[BlackElo "1990"]
[EventDate "2019.07.05"]
[PlyCount "130"]
[EventRounds "11"]
[EventCountry "BRA"]

1.e4 c5 2.Nf3 d6 3.d4 cxd4 4.Nxd4 Nf6 5.Nc3 g6 6.Be3 Bg7 7.f3 O-O 8.Qd2 
Nc6 9.O-O-O Nxd4 10.Bxd4 Be6 11.h4 Qa5 12.Kb1 Rfc8 13.a3 Rab8 14.g4 b5 15.
Nd5 Qxd2 16.Nxf6+ Bxf6 17.Rxd2 Bxd4 18.Rxd4 Kg7 19.Be2 Rc5 20.c3 h6 21.
Rhd1 g5 22.hxg5 hxg5 23.Rh1 Rh8 24.Rxh8 Kxh8 25.Rb4 Bd7 26.Kc1 Kg7 27.Rd4 
Kf6 28.Rd1 Bc6 29.Kd2 Re5 30.c4 bxc4 31.Bxc4 d5 32.Bxd5 Bxd5 33.exd5 Rxd5+
34.Ke2 Rxd1 35.Kxd1 Ke5 36.Kd2 Kd4 37.Ke2 e6 38.Kd2 f6 39.Kc2 Ke3 40.b4 
Kd4 41.Kb3 f5 42.b5 fxg4 43.fxg4 Kc5 44.a4 e5 45.Kc3 Kb6 46.Kd3 Ka5 47.Ke4
Kxa4 48.Kxe5 Kxb5 49.Kf5 a5 50.Kxg5 a4 51.Kf6 a3 52.g5 a2 53.g6 a1=Q+ 54.
Kf7 Qa7+ 55.Kf8 Qb8+ 56.Kf7 Qc7+ 57.Kf8 Qd8+ 58.Kf7 Qd7+ 59.Kf8 Qf5+ 60.
Kg7 Kc6 61.Kh7 Kd6 62.Kh8 Qh5+ 63.Kg7 Ke7 64.Kg8 Qxg6+ 65.Kh8 Qg2 0-1

[Event "XIV American Continental"]
[Site "Sao Paulo BRA"]
[Date "2019.07.06"]
[Round "2.91"]
[White "Cadilhac, Mariana Sawae Kikuchi"]
[Black "Soares, Renan Barbosa Monteiro"]
[Result "1/2-1/2"]
[WhiteElo "1639"]
[BlackElo "1985"]
[EventDate "2019.07.05"]
[PlyCount "83"]
[EventRounds "11"]
[EventCountry "BRA"]

1.e4 c5 2.Nf3 d6 3.d4 cxd4 4.Nxd4 Nf6 5.Nc3 Nc6 6.Bg5 e6 7.Qd2 a6 8.O-O-O 
Bd7 9.f3 Rc8 10.Kb1 b5 11.Qe1 Qa5 12.Nb3 Qc7 13.Qf2 Be7 14.Bf4 e5 15.Be3 
Be6 16.g4 O-O 17.h4 Rb8 18.h5 Rfc8 19.g5 Nd7 20.Bh3 Nb4 21.Bxe6 fxe6 22.a3
Nc6 23.g6 h6 24.Qd2 Bf8 25.Rdg1 Nb6 26.Qc1 Nc4 27.Bxh6 Nd4 28.Bxg7 Nxa3+ 
29.bxa3 Qxc3 30.h6 Bxg7 31.hxg7 Qxc2+ 32.Qxc2 Nxc2 33.Kb2 Kxg7 34.Rh7+ Kg8
35.Re7 Ne3 36.g7 Nc4+ 37.Ka2 Re8 38.Ra7 Ra8 39.Rc7 Rac8 40.Ra7 Ra8 41.Rc7 
Rec8 42.Re7 1/2-1/2

[Event "XIV American Continental"]
[Site "Sao Paulo BRA"]
[Date "2019.07.06"]
[Round "2.92"]
[White "Okamura, Milton Kasuo"]
[Black "Dabraccio, Guillermo"]
[Result "1-0"]
[WhiteElo "1974"]
[BlackElo "1611"]
[EventDate "2019.07.05"]
[PlyCount "79"]
[EventRounds "11"]
[EventCountry "BRA"]

1.d4 e6 2.c4 d5 3.Nc3 Nf6 4.cxd5 Nxd5 5.Nf3 Nxc3 6.bxc3 Bd6 7.e4 O-O 8.Bd3
b6 9.Qe2 f5 10.O-O a5 11.Re1 a4 12.exf5 exf5 13.Bc4+ Kh8 14.Ng5 Qf6 15.
Nxh7 Qh4 16.g3 Qxh7 17.Qf3 Ra7 18.Bd5 c6 19.Bc4 c5 20.d5 Raf7 21.Bf4 Bxf4 
22.Qxf4 Ba6 23.Bxa6 Nxa6 24.Qxa4 Nb8 25.Qf4 Qh6 26.Qxh6+ gxh6 27.c4 Kg7 
28.a4 f4 29.a5 fxg3 30.fxg3 Ra7 31.axb6 Rxa1 32.Rxa1 Rf7 33.Ra5 Rb7 34.Ra7
Rd7 35.Rc7 Kf7 36.Rxc5 Ke7 37.Rc7 Kd6 38.Rc8 Rb7 39.c5+ Kxd5 40.Rc7 1-0

[Event "XIV American Continental"]
[Site "Sao Paulo BRA"]
[Date "2019.07.06"]
[Round "2.93"]
[White "Da Rosa, Henrique Jaze Simoes"]
[Black "Bassani, Jaison Jose"]
[Result "0-1"]
[WhiteElo "1633"]
[BlackElo "1973"]
[EventDate "2019.07.05"]
[PlyCount "70"]
[EventRounds "11"]
[EventCountry "BRA"]

1.Nf3 g6 2.c4 Bg7 3.g3 c5 4.Bg2 Nc6 5.O-O d6 6.Nc3 e6 7.d3 Nge7 8.e4 O-O 
9.Be3 Nd4 10.Nd2 Rb8 11.f4 a6 12.a3 b5 13.Rb1 Nec6 14.cxb5 axb5 15.b4 cxb4
16.axb4 Bd7 17.Ne2 Nxe2+ 18.Qxe2 Ra8 19.Nf3 Ra4 20.Qd2 e5 21.d4 Bg4 22.d5 
exf4 23.gxf4 Bxf3 24.Bxf3 Ne7 25.Be2 Qd7 26.Qd3 f5 27.Qxb5 Qxb5 28.Bxb5 
Ra3 29.Bc1 Ra2 30.e5 Rc8 31.exd6 Rcc2 32.Rf2 Rxf2 33.dxe7 Rg2+ 34.Kf1 
Raf2+ 35.Ke1 Bc3+ 0-1

[Event "XIV American Continental"]
[Site "Sao Paulo BRA"]
[Date "2019.07.06"]
[Round "2.94"]
[White "De Oliveira, Francemir Barra"]
[Black "Medrano, Mario"]
[Result "0-1"]
[WhiteElo "1600"]
[BlackElo "1960"]
[EventDate "2019.07.05"]
[PlyCount "73"]
[EventRounds "11"]
[EventCountry "BRA"]

1.e4 e6 2.d4 d5 3.e5 c5 4.c3 Nc6 5.Nf3 Qb6 6.Bd3 Bd7 7.dxc5 Bxc5 8.b4 
Bxf2+ 9.Ke2 Nxb4 10.cxb4 Bd4 11.Nxd4 Qxd4 12.Qb3 Qxe5+ 13.Kd1 Nf6 14.Bb2 
d4 15.h3 Nd5 16.Re1 Ne3+ 17.Kd2 Qf4 18.Ke2 Nxg2 19.Nd2 Qe3+ 20.Kf1 Nxe1 
21.Rxe1 Qxd2 22.Re2 Qf4+ 23.Rf2 Qe3 24.Kg2 Bc6+ 25.Kg1 Qxh3 26.Re2 Qh1+ 
27.Kf2 O-O 28.Bxd4 Qh4+ 29.Ke3 e5 30.Bxe5 Rfe8 31.Kd2 Qg5+ 32.Kd1 Rxe5 33.
Bxh7+ Kxh7 34.Rh2+ Kg8 35.Qh3 Qh5+ 36.Qxh5 Rxh5 37.Rxh5 0-1

[Event "XIV American Continental"]
[Site "Sao Paulo BRA"]
[Date "2019.07.06"]
[Round "2.95"]
[White "Gazola, Vanessa Ramos"]
[Black "Da Silveira, Thiago Graca"]
[Result "1-0"]
[WhiteElo "1954"]
[BlackElo "1590"]
[EventDate "2019.07.05"]
[PlyCount "115"]
[EventRounds "11"]
[EventCountry "BRA"]

1.d4 d5 2.c4 c6 3.Nf3 f5 4.g3 Nf6 5.Bg2 e6 6.O-O Be7 7.b3 O-O 8.Ba3 a6 9.
e3 b5 10.Bxe7 Qxe7 11.Nbd2 Bb7 12.Rc1 Nbd7 13.cxd5 cxd5 14.Rc7 Rab8 15.Qc2
Rfc8 16.Rc1 Qd6 17.Ne1 Ne4 18.Ndf3 b4 19.Nd3 Nc3 20.Rxc8+ Rxc8 21.Qb2 a5 
22.Bf1 h6 23.Nfe5 Nxe5 24.Nxe5 Ba6 25.Bxa6 Qxa6 26.Kg2 Kh7 27.Qc2 Ra8 28.
Nd3 Qb5 29.Nc5 Re8 30.h4 Re7 31.Nxe6 g6 32.Nf4 Re4 33.h5 g5 34.Nd3 Qe8 35.
Rh1 Kg7 36.Nc5 Qf7 37.a3 Re7 38.axb4 axb4 39.Nd3 Ra7 40.Nxb4 Ne4 41.Qb2 
Rb7 42.Nd3 Nf6 43.Nc5 Rc7 44.Qc2 Ne4 45.Ne6+ Qxe6 46.Qxc7+ Kf6 47.Rc1 Nd6 
48.Rc6 Qe4+ 49.Kh2 f4 50.Qxd6+ Kf5 51.Qg6+ Kg4 52.Qxe4 dxe4 53.gxf4 gxf4 
54.exf4 Kxf4 55.d5 Kf3 56.Rf6+ Kg4 57.d6 Kxh5 58.d7 1-0

[Event "XIV American Continental"]
[Site "Sao Paulo BRA"]
[Date "2019.07.06"]
[Round "2.96"]
[White "Ferreira, Caio Tulio Moreira"]
[Black "Carvalho Junior, Celestino"]
[Result "1-0"]
[WhiteElo "1579"]
[BlackElo "1954"]
[EventDate "2019.07.05"]
[PlyCount "111"]
[EventRounds "11"]
[EventCountry "BRA"]

1.e4 c5 2.Nf3 e6 3.d3 Qc7 4.g3 Nc6 5.Bg2 Nf6 6.O-O Be7 7.Nc3 a6 8.Re1 d6 
9.Bf4 e5 10.Be3 b5 11.a3 O-O 12.h3 Bd7 13.Nd2 Rab8 14.f4 Nd4 15.Nf3 a5 16.
Kh2 b4 17.axb4 axb4 18.Ne2 b3 19.c3 Nc2 20.Bd2 c4 21.dxc4 Nxe4 22.fxe5 Nf2
23.exd6 Bxd6 24.Qc1 Nd3 25.Qd1 Ndxe1 26.Nxe1 Bxg3+ 27.Nxg3 Nxa1 28.Qxa1 f5
29.Nd3 f4 30.Bd5+ Kh8 31.Nh5 Rbe8 32.Qg1 Re2+ 33.Kh1 Bc6 34.Bxf4 Bxd5+ 35.
cxd5 Qf7 36.Qg5 h6 37.Qg4 Qxd5+ 38.Kg1 Re7 39.Ne5 Rf6 40.Nxf6 Qc5+ 41.Kg2 
gxf6 42.Ng6+ Kh7 43.Nxe7 Qxe7 44.Qh5 Qe4+ 45.Qf3 Qc2+ 46.Qf2 Qe4+ 47.Kh2 
h5 48.Be3 Qd3 49.Bd4 f5 50.Qg2 Qc2 51.Qxc2 bxc2 52.Be3 Kg6 53.Kg3 Kf6 54.
Kf4 Ke6 55.c4 h4 56.b4 1-0

[Event "XIV American Continental"]
[Site "Sao Paulo BRA"]
[Date "2019.07.06"]
[Round "2.97"]
[White "Valim, Luiz Claudio"]
[Black "Nobre, Jose Adalberto Barbosa"]
[Result "1-0"]
[WhiteElo "1954"]
[BlackElo "1577"]
[EventDate "2019.07.05"]
[PlyCount "35"]
[EventRounds "11"]
[EventCountry "BRA"]

1.d4 g6 2.c4 Bg7 3.Nc3 Nf6 4.Nf3 d6 5.Bg5 Nc6 6.e3 h6 7.Bh4 g5 8.Bg3 Nh5 
9.Bd3 Nxg3 10.hxg3 Bg4 11.Qb3 Qd7 12.Nd2 e5 13.d5 Na5 14.Qc2 c5 15.f3 f5 
16.fxg4 e4 17.Be2 O-O 18.O-O-O 1-0

[Event "XIV American Continental"]
[Site "Sao Paulo BRA"]
[Date "2019.07.06"]
[Round "2.98"]
[White "Pereira Filho, Hildebrando Apolonio"]
[Black "Monteiro, Marcos Paulo de Souza"]
[Result "0-1"]
[WhiteElo "1573"]
[BlackElo "1953"]
[EventDate "2019.07.05"]
[PlyCount "104"]
[EventRounds "11"]
[EventCountry "BRA"]

1.c4 Nf6 2.Nc3 d6 3.Nf3 g6 4.b3 Bg7 5.Bb2 O-O 6.e3 c5 7.Be2 Nc6 8.O-O a6 
9.d4 b6 10.Qd2 Rb8 11.Rad1 Bd7 12.Qc1 Qc7 13.d5 Na7 14.Rfe1 b5 15.Nd2 bxc4
16.Bxc4 Bb5 17.e4 Bxc4 18.Nxc4 Nd7 19.Ne2 Bxb2 20.Nxb2 Rb4 21.Nf4 Qa5 22.
Nfd3 Rb7 23.Na4 Rc8 24.Ndb2 c4 25.Nxc4 Qb4 26.Qd2 Rxc4 27.bxc4 Qxa4 28.Rc1
Rc7 29.Qe2 Qa3 30.f4 Qc5+ 31.Qe3 Qxe3+ 32.Rxe3 Nb6 33.Rec3 Rc5 34.e5 Nac8 
35.Kf2 Kg7 36.Ke3 Na4 37.Rb3 Ncb6 38.Kd4 Nxd5 39.exd6 exd6 40.Rf1 Ndb6 41.
Rb4 a5 42.Rxa4 Nxa4 43.Rb1 Kf6 44.g4 h5 45.h3 Ke6 46.Rb7 hxg4 47.hxg4 Rc6 
48.Rb5 Ra6 49.a3 Nc5 50.Rxc5 dxc5+ 51.Kxc5 Kd7 52.Kb5 Rf6 0-1

[Event "XIV American Continental"]
[Site "Sao Paulo BRA"]
[Date "2019.07.06"]
[Round "2.99"]
[White "Zimmermann, Kleber Renato Pereira"]
[Black "Japiassu, Glauco Antonio Bezerra"]
[Result "1-0"]
[WhiteElo "1950"]
[BlackElo "1526"]
[EventDate "2019.07.05"]
[PlyCount "95"]
[EventRounds "11"]
[EventCountry "BRA"]

1.d4 d5 2.c4 e6 3.Nc3 Nf6 4.Bg5 Be7 5.e3 c6 6.Nf3 Nbd7 7.Rc1 Qa5 8.cxd5 
exd5 9.Bd3 O-O 10.O-O Bb4 11.Qc2 h6 12.Bh4 Bd6 13.Rfe1 Re8 14.Bg3 Bxg3 15.
hxg3 Nf8 16.Qa4 Qxa4 17.Nxa4 Be6 18.Nc5 Rab8 19.b4 N8d7 20.Rc2 Nxc5 21.
Rxc5 Nd7 22.Rc2 a6 23.a4 Nb6 24.a5 Nd7 25.Nd2 f5 26.Nb3 Nf6 27.Nc5 Ne4 28.
Rb1 Nxc5 29.bxc5 Re7 30.Bxa6 Ra8 31.Rxb7 Rxb7 32.Bxb7 Rxa5 33.Bxc6 Kf7 34.
Rb2 Ra7 35.Rb7+ Rxb7 36.Bxb7 Ke7 37.Kf1 Kd7 38.Ke1 Kc7 39.Ba6 g5 40.Bb5 
Bf7 41.Kd2 Be6 42.Kc3 Bf7 43.Kb4 Be6 44.Be8 Bg8 45.Kb5 Be6 46.c6 Bg8 47.
Bd7 Bf7 48.Kc5 1-0

[Event "XIV American Continental"]
[Site "Sao Paulo BRA"]
[Date "2019.07.06"]
[Round "2.100"]
[White "Leite, Tarcisio Dantas Frota"]
[Black "Brito, Vicente de Paulo Alencar"]
[Result "1/2-1/2"]
[WhiteElo "1571"]
[BlackElo "1948"]
[EventDate "2019.07.05"]
[PlyCount "82"]
[EventRounds "11"]
[EventCountry "BRA"]

1.e4 d6 2.d4 Nf6 3.Nc3 g6 4.Nf3 Bg7 5.Bc4 O-O 6.h3 Nxe4 7.Nxe4 d5 8.Bd3 
dxe4 9.Bxe4 Nd7 10.O-O Nf6 11.Bd3 b6 12.c3 Bb7 13.Re1 Qd6 14.Bg5 Rad8 15.
Qe2 Rfe8 16.Bc4 Ne4 17.Be3 e6 18.Rad1 Qe7 19.Bf4 c5 20.dxc5 Qxc5 21.Be3 
Qh5 22.Rxd8 Rxd8 23.Rd1 Bd5 24.Bd3 Rc8 25.c4 Bb7 26.Bxb6 Nc3 27.bxc3 Bxf3 
28.Qxf3 Qxf3 29.gxf3 axb6 30.Rc1 Ra8 31.Rc2 Ra3 32.Be4 Rxc3 33.Rd2 Bf6 34.
Kg2 Rxc4 35.Rd7 Ra4 36.Rd2 Be7 37.Bc6 Ra3 38.Bb5 Kg7 39.Bc4 Rc3 40.Bb3 Bc5
41.Rd7 Kf6 1/2-1/2

[Event "XIV American Continental"]
[Site "Sao Paulo BRA"]
[Date "2019.07.06"]
[Round "2.101"]
[White "Bil Ramos, Angelo"]
[Black "Amaral, Danilo Tokechi"]
[Result "1-0"]
[WhiteElo "1937"]
[BlackElo "1432"]
[EventDate "2019.07.05"]
[PlyCount "72"]
[EventRounds "11"]
[EventCountry "BRA"]

1.e4 c5 2.Nf3 d6 3.c3 Nf6 4.Be2 g6 5.O-O Bg7 6.Bb5+ Bd7 7.Bxd7+ Qxd7 8.Re1
O-O 9.d4 cxd4 10.cxd4 d5 11.e5 Ne4 12.Be3 Nc6 13.Nbd2 Nxd2 14.Qxd2 Rfc8 
15.Rac1 e6 16.h3 a5 17.Red1 a4 18.Ne1 Na5 19.Nd3 Nc4 20.Qe2 Nxe3 21.Qxe3 
Rxc1 22.Rxc1 Rc8 23.g4 f6 24.Rxc8+ Qxc8 25.exf6 Bxf6 26.Nc5 Kf7 27.Nxa4 
Qc2 28.Nc5 Qd1+ 29.Kg2 Qxd4 30.Qxe6+ Kg7 31.Nxb7 Bh4 32.Qe2 Qb6 33.Qe5+ 
Bf6 34.Qxd5 Qxb2 35.Nd6 Kh6 36.Ne4 Be5 1-0

[Event "XIV American Continental"]
[Site "Sao Paulo BRA"]
[Date "2019.07.06"]
[Round "2.102"]
[White "Costa, Iaggo Bernini"]
[Black "Da Silva, Jefferson Rian Ferreir"]
[Result "0-1"]
[WhiteElo "1507"]
[BlackElo "1936"]
[EventDate "2019.07.05"]
[PlyCount "52"]
[EventRounds "11"]
[EventCountry "BRA"]

1.e4 e5 2.Nf3 Nf6 3.Nxe5 d6 4.Nf3 Nxe4 5.Nc3 Nxc3 6.dxc3 Bd7 7.Be3 Bg4 8.
Qd2 Bxf3 9.gxf3 Nc6 10.Bh3 Ne5 11.Qe2 c6 12.O-O-O Be7 13.Rhg1 Rg8 14.Bd4 
Kf8 15.f4 Ng6 16.Qg4 c5 17.f5 cxd4 18.fxg6 hxg6 19.Qxd4 Rh8 20.Qd3 Rh4 21.
Rg4 Rxg4 22.Bxg4 Qa5 23.Qf3 Qxa2 24.Re1 Bg5+ 25.Kd1 Qb1+ 26.Ke2 Re8+ 0-1